MDQL
is popping MORE tags! Check the
thread
!
Quizzes
Events
Quiz Creation
Community
Videos
Private Events
Remove Ads
Sign In
Join for FREE
Feedback
Dark Mode
Quiz Categories
Sports
Geography
Music
Movies
Television
Just For Fun
Miscellaneous
History
Literature
Language
Science
Gaming
Entertainment
Religion
Holiday
For Kids
Quiz Lab
Recent
Popular Today
Quiz Kudos Today
Editor Picks
Curator Picks
Quizzes by...
Day
Popularity
Type
Ratings
Length
Year
Community
Subscriptions
Recent Discussions
Orange Saloon
Badges
Playlists
Quests
Create
Leaderboards
Showdown
Live 5
Trivia Bingo
Activity
Puzzle Library
Sporcle Events
Private Events
Virtual Trivia
Globe League
Become a Host
Pub Owners
SporcleCon
Opinionation
Our Games
Videos
Blog
Mobile Apps
Partnerships
Remove Ads and Go Orange
Feedback
Television
TV Characters
TV Show
Sitcom
Network
Friends
Reality Shows
Cast
South Park
Star Trek
The Simpsons
Doctor Who
Television
TV Characters
TV Show
Sitcom
Network
Friends
Reality Shows
Cast
South Park
Star Trek
The Simpsons
Doctor Who
Random Quiz
Search Sporcle
×
Quiz Lab
Quiz Lab
Television
Wonder
Type in answers that appear in a list
Type in answers that appear in a list
Classic
Best Score? Go Orange.
Wonder Pets Theme Song Stats
Can you name the Wonder Pets Theme Song?
By
taylorswift12
5m
81 Questions
304 Plays
304 Plays
304 Plays
Comments
Comments
Give Quiz Kudos
Give Quiz Kudos
-
- Ratings
hide this ad
More Info
Replay
Link that replays current quiz
Next Quiz
Link to next quiz in quiz playlist
You Got
0%
They Got
Avg Score
74%
Avg Friend Score
Upgrade to see
Score Distribution
Jump to the score distribution portion of the page
Score
0/81
Timer
05:00
0
Plays Today
% Correct
Wonder
89.5%
Wonder
89.5%
we
89.5%
Wonder
89.5%
The
88.8%
The
88.8%
The
88.8%
The
88.8%
The
88.8%
the
88.8%
the
88.8%
Pets!
88.5%
Pets!
88.5%
Pets,
88.5%
a
86.8%
an
82.9%
an
82.9%
an
82.9%
To
80.3%
is
79.6%
is
79.6%
phone.
78%
phone
78%
phone.
78%
phone
78%
phone.
78%
ringing.
77.6%
% Correct
ringing.
77.6%
We're
77.3%
We're
77.3%
we're
77.3%
right
76%
right
76%
Go,
76%
there.
75%
animal
75%
animal
75%
animal
75%
on
74.7%
way
74.7%
our
73.4%
help
73%
save
72.4%
and
72%
and
72%
be
71.4%
in
71.4%
in
71.4%
in
71.4%
work
70.4%
work?
70.4%
work?
70.4%
trouble.
70.1%
trouble.
70.1%
% Correct
trouble
70.1%
There's
69.1%
There's
69.1%
There's
69.1%
day.
69.1%
We'll
68.4%
not
68.4%
not
68.4%
too
68.1%
big
68.1%
too
68.1%
somewhere.
66.8%
tough
66.1%
but
65.1%
when
64.8%
together
64.8%
stuff.
63.2%
gonna
62.8%
gonna
62.8%
Teamwork!
62.5%
Teamwork!
62.5%
What's
62.2%
What's
62.2%
Yay!
61.8%
got
60.9%
we've
55.9%
friend
46.7%
Quiz Playlist
Details
Report
Send in Message
Add To Playlist
More Info:
The Wonder Pets theme song including the teamwork part.
Classic:
Type in answers that appear in a list
Quiz Source
Last Updated: Feb 16, 2017
Quiz Scoreboard
CHALLENGE
Sign Up to Join the Scoreboard
Show All
Scores
Hide
Comments
May contain spoilers
Recently Published
Colored Red Africa Blitz
by spor1
Geography
30s
Find the 'City' Movie
by crazypaving
Movies
60s
5x2 Blitz: Bands
by SL_Kpop136
Music
30s
More to Explore
Quiz From the Vault
Featured Blog Post
14 Easter Pick-up Lines to Find Eggs With
hide this ad
You Might Also Like...
Tags
Teamwork
theme
Theme Songs
Wonder
Today's Top Quizzes in Television
Browse Television
hide this ad
Today's Top Quizzes in Wonder
Browse Wonder
Top Contributed Quizzes in Television
1
Survivor Journey Challenge
2
Brooklyn Nine Nine Logic Puzzle (How-To-Play)
3
Total Drama Characters
4
Phoebe Buffay Quotes
5
Survivor Heroes vs. Villains Logic Puzzle
6
Adjectives in 00s TV Shows
7
Survivor Trivia
8
Game of Thrones: Tywin Lannister Start to Finish
9
Emmerdale Characters (from August 2012)
10
Survivor Logic Puzzle: Heroes vs. Villains
Explore More
Trending Topics
Harry Potter
Disney
Kpop
NBA
Marvel
Crossword
Anime
Soccer
Pokémon
The Office
Puzzle
Country
WWE
Song
NFL
hide this ad
More By:
taylorswift12
Quiz
Plays
Rating
Category
Featured
Created
Disney Logic Puzzle
208,117
3.83
Just For Fun
Dec 7, 2012
Follow That Line: Toy Story
63,086
4.63
Movies
Mar 18, 2013
Kindergarten Logic Puzzle
62,246
4.39
Just For Fun
Dec 2, 2015
Quick Thinking Disney Logic Puzzle
30,815
4.26
Just For Fun
Jan 6, 2013
Math Class Logic Puzzle
30,473
4.47
Science
Jul 23, 2016
Go to Creator's Profile
Score Distribution
Quiz Creator Spotlight
taylorswift12
Follow
Send a Message
Quizzes Created
-
Created Quiz Play Count
-
More By This Creator
Popular Quizzes Today
1
Colored Red Africa Blitz
2
Find the US States - No Outlines Minefield
3
Find the 'City' Movie
4
5x2 Blitz: Bands
5
The Countries of the World
6
Find the US States
7
Find the Countries of Europe - No Outlines Minefield
8
US States
More Television Quizzes
One-Word TV Shows (1990s)
Published
Trending Quizzes
Colored Red Europe Blitz I
Colored Red Europe Blitz II
Colored Red Africa Blitz II
Colored Red Europe Blitz III
Colored Red Africa Blitz III
Recently Updated
How Do You Spell That?
pecheneg
Godzilla Movies
pecheneg
Grab Bag: 4-10 Letters
pecheneg
2024 March Madness Bracket
pecheneg
Famous TV Couples
Peacemaker
Champions League XIs: Real Madrid
pecheneg
Largest US Cities 1790-2010
pecheneg
Rides in Walt Disney World
pecheneg
Most Oscar Losses (Acting)
pecheneg
Beyoncé Albums
pecheneg
Trending Topics
Harry Potter
Anime
Crossword
Kpop
Disney
Marvel
NBA
Pokémon
Song
Soccer
Country
NFL
Puzzle
WWE
The Office
Your Account Isn't Verified!
In order to create a playlist on Sporcle, you need to verify the email address you used during registration. Go to your
Sporcle Settings
to finish the process.
Report this User
Report this user for behavior that violates our
Community Guidelines
.
Details:
Send Report
Go to the Sporcle.com Mobile Site →
Comments